| Tag |
First Indicator |
Second Indicator |
Subfields |
| LEADER |
00000cam a22000005i 4500 |
| 001 |
in00003726021 |
| 005 |
20210728130126.0 |
| 006 |
m o d |
| 007 |
cr nn 008mamaa |
| 008 |
151117s2009 xxu| o |||| 0|eng d |
| 020 |
|
|
|a 9780230620759
|9 978-0-230-62075-9
|
| 024 |
7 |
|
|a 10.1057/9780230620759
|2 doi
|
| 035 |
|
|
|a (DE-He213)978-0-230-62075-9
|
| 035 |
|
|
|a 5309406
|
| 040 |
|
|
|d UtOrBLW
|
| 043 |
|
|
|a n------
|
| 072 |
|
7 |
|a DSBH5
|2 bicssc
|
| 072 |
|
7 |
|a LIT024000
|2 bisacsh
|
| 082 |
0 |
4 |
|a 809
|2 23
|
| 090 |
|
|
|a PS153.I52
|b C475 2009
|
| 100 |
1 |
|
|a Christie, Stuart,
|e author.
|0 http://id.loc.gov/authorities/names/n96017855
|
| 245 |
1 |
0 |
|a Plural Sovereignties and Contemporary Indigenous Literature /
|c by Stuart Christie.
|
| 264 |
|
1 |
|a New York :
|b Palgrave Macmillan US :
|b Imprint: Palgrave Macmillan,
|c 2009.
|
| 300 |
|
|
|a 1 online resource (XIV, 280 pages)
|
| 336 |
|
|
|a text
|b txt
|2 rdacontent
|
| 337 |
|
|
|a computer
|b c
|2 rdamedia
|
| 338 |
|
|
|a online resource
|b cr
|2 rdacarrier
|
| 347 |
|
|
|a text file
|b PDF
|2 rda
|
| 500 |
|
|
|a Electronic resource.
|
| 520 |
|
|
|a Offering close readings of novels by Sherman Alexie to Leslie Marmon Silko, this book documents the reinvention of Anglo-European nationality in the interests of sustaining the indigenous traditions that long-preceded colonization.
|
| 650 |
1 |
4 |
|a Literature.
|
| 650 |
2 |
4 |
|a Fiction.
|
| 650 |
2 |
4 |
|a North American Literature.
|
| 650 |
2 |
4 |
|a Postcolonial/World Literature.
|
| 650 |
2 |
4 |
|a Twentieth-Century Literature.
|
| 650 |
|
0 |
|a Fiction.
|0 http://id.loc.gov/authorities/subjects/sh85048050
|
| 650 |
|
0 |
|a Literature, Modern
|y 20th century.
|0 http://id.loc.gov/authorities/subjects/sh85077559
|
| 650 |
|
0 |
|a Literature.
|0 http://id.loc.gov/authorities/subjects/sh85077507
|
| 651 |
|
0 |
|a America
|v Literatures.
|0 http://id.loc.gov/authorities/subjects/sh85004276
|
| 655 |
|
7 |
|a Electronic books.
|2 local
|
| 710 |
2 |
|
|a SpringerLink (Online service)
|0 http://id.loc.gov/authorities/names/no2005046756
|
| 773 |
0 |
|
|t Springer eBooks
|
| 776 |
1 |
8 |
|i Printed edition:
|z 9781349377961
|
| 856 |
4 |
0 |
|u http://proxy.library.tamu.edu/login?url=https://dx.doi.org/10.1057/9780230620759
|z Connect to the full text of this electronic book
|t 0
|
| 999 |
f |
f |
|s d3fd94b2-540a-36ec-bfb7-d1d1cf317ff1
|i 3dd9ad74-dc8c-3fb6-8c52-3ef57a42ca19
|t 0
|
| 952 |
f |
f |
|a Texas A&M University
|b College Station
|c Electronic Resources
|d Available Online
|t 0
|e PS153.I52 C475 2009
|h Library of Congress classification
|
| 998 |
f |
f |
|a PS153.I52 C475 2009
|t 0
|l Available Online
|